000 00698nmm a2200193Ia 4500
008 251105s9999||||xx |||||||||||||||||und||
020 _a9788416335428
041 _aspa
100 _aMartínez Millán, José
245 0 _aLa Corte de Felipe IV (1621-1665): reconfiguración de la monarquía católica. Tomo III, vol. 3: Espiritualidad, literatura, teatro
264 _a[Madrid, España] :
_bEdiciones Polifemo,
_c2018
300 _a724 páginas
490 _aLa Corte en Europa. Temas
650 _aHistory of Europe: Spain
700 _aMartínez Millán, José
700 1 _a Rivero Rodríguez, Manuel (dirs.)
856 _uhttps://public.digitaliapublishing.com/a/57930
942 _cCF
999 _c68503
_d68503